000 00916nam a2200265Ia 4500
003 OSt
005 20221005105625.0
006 a|||||r|||| 00| 0
007 ta
008 221004b |||||||| |||| 00| 0 hin d
020 _c125
024 _a115587
037 _b370/17/2, 13/04/2012, Vani Prakashan
_cTextual
040 _aCRL
_cCRL
_bhin
041 _2hin
_ahin
082 _aO152,1N3712x, P0
100 _aशुक्ल, विनोद कुमार
245 0 _aअतिरिक्त नही
246 _aAtirikta nahī
260 _aनई दिल्ली
_bवाणी प्रकाशन भारत
_c2000
300 _a120पृ0
_ccm.
650 _aहिन्दी साहित्य
942 _hO152,1N3712x, P0
_cTEXL
_2cc
999 _c1016388
_d1016388